00787 2200229 4500001002100000005001700021008004100038035002500079040001200104082001400116084001900130100000900149245014000158260005700298300003800355500006600393504002800459650002300487700001700510850001200527990001800539INLIS00000000000866820150807095138.0  a0010-081500000000106 aYOPDYOG 223a371.4 aSK 371.4 Arn P aARNY aPersepsi siswa terhadap layanan bimbingan dan konseling di sekolah dan peranan orangtua dengan pengambilan keputusan penjurusanc/ Arny aYogyakartabUniversitas Gadjah Mada Yogyakartac2005 axiv, 96 lembar : ilus.c; 29,5 cm aSkripsi Fakultas Psikologi Universitas Gadjah Mada Yogyakarta aBibliografi: hlm. 94-96 aJurusan, Bimbingan aTINA Afiatin aYOPDYOG a47090-PD/A.15